00928nam a22002657a 4500999001500000001000600015003000900021005001700030008004100047020002200088020001800110040002800128082001800156100001800174245005200192250001200244260003300256300002900289490003300318504004100351650002600392942001200418952011600430952011600546 c3831d383120227BD-DhUAP20200312144719.0200312s1997 enk b 001 0 eng  a0582249945 (pbk.) a9781138226340 aDLCcDLCdBD-DhUAPbEng00223a410.9 ROB1 aRobins, R. H.12aA short history of linguistics /cR. H. Robins. a4th ed. aLondon :bRoutledge,cc1997. axii, 282 pages ;c22 cm. aLongman linguistics library. aIncludes bibliographical references. 0aLinguisticsxHistory. 2ddccBK 00102ddc4070aUAPCLbUAPCLcGeneral Stacksd2020-03-12o410.9 ROBp3010020227r2020-03-12t1w2020-03-12yBK 00102ddc4070aUAPCLbUAPCLcGeneral Stacksd2020-03-12o410.9 ROBp3010020228r2020-03-12t2w2020-03-12yBK